| 000 | 00950cam a22002773a 4500 | ||
|---|---|---|---|
| 001 | 4529 | ||
| 003 | PGUSA | ||
| 005 | 20140828083058.0 | ||
| 008 | 031001s2003||||xxu|||||s|||||000 | eng d | ||
| 040 |
_aPGUSA _beng |
||
| 042 | _adc | ||
| 050 | 4 | _aHD | |
| 050 | 4 | _aCT | |
| 100 | 1 |
_aAllen, Grant, _d1848-1899 |
|
| 245 | 1 | 0 |
_aBiographies of Working Men _h[electronic resource] / _cGrant Allen |
| 260 |
_bProject Gutenberg, _c2003 |
||
| 505 | 0 | _aThomas Telford, stonemason -- George Stephenson, engine-man -- John Gibson, sculptor -- William Herschel, bandsman -- Jean François Millet, painter -- James Garfield, canal boy -- Thomas Edward, shoemaker. | |
| 506 | _aPublic domain in the USA. | ||
| 516 | _aElectronic text | ||
| 653 | _aWorking class -- Biography | ||
| 653 | _aLabor -- Biography | ||
| 653 | _aBiography -- 19th century | ||
| 830 | 0 |
_aProject Gutenberg _v4529 |
|
| 856 | 4 | 0 | _uhttp://www.gutenberg.org/ebooks/4529 |
| 942 | _cEB | ||
| 999 |
_c233858 _d233858 |
||